| 000 | 00578nam a2200181Ia 4500 | ||
|---|---|---|---|
| 005 | 20250508163810.0 | ||
| 008 | 008 250505s9999 xx 000 0 eng d | ||
| 037 | _aTextual | ||
| 040 |
_aFEDL _beng _cFEDL |
||
| 041 |
_aeng _2eng |
||
| 084 |
_aB, MAN _qFEDL |
||
| 100 |
_aPogrund Benjamin _9776394 |
||
| 245 | 0 | _aNelson Mandela: The South African leader who was imprisoned for twenty-seven years for fighting against apartheid | |
| 260 |
_aHyderabad, India _bOrient Longman Limited _c1997 |
||
| 300 | _a63p | ||
| 942 |
_cTEXL _hB, MAN |
||
| 999 |
_c1385322 _d1385322 |
||